|
|
|
|
| LEADER |
00790nam a2200217Ia 4500 |
| 001 |
TDMU_3228 |
| 008 |
210410s9999 xx 000 0 und d |
| 082 |
|
|
|a 541.3
|
| 090 |
|
|
|b T685
|
| 100 |
|
|
|a Trần, Văn Nhân
|
| 245 |
|
0 |
|a Hóa lý
|
| 245 |
|
0 |
|c Trần Văn Nhân (chủ biên), Nguyễn Thạc Sửu, Nguyễn Văn Tuế
|
| 245 |
|
0 |
|n T. 2 (dùng cho sinh viên hóa các trường đại học tổng hợp và sư phạm)
|
| 260 |
|
|
|a H.
|
| 260 |
|
|
|b Giáo dục
|
| 260 |
|
|
|c 2007
|
| 300 |
|
|
|a 207tr.
|
| 650 |
|
|
|a Hóa lý; Hóa học; Vật lý
|
| 700 |
|
|
|a Nguyễn, Thạc Sửu
|
| 856 |
|
|
|u http://lrc.tdmu.edu.vn/opac/search/detail.asp?aID=2&ID=3228
|
| 980 |
|
|
|a Trung tâm Học liệu Trường Đại học Thủ Dầu Một
|